<?xml version="1.0" encoding="UTF-8"?>
<record
    xmlns:xsi="http://www.w3.org/2001/XMLSchema-instance"
    xsi:schemaLocation="http://www.loc.gov/MARC21/slim http://www.loc.gov/standards/marcxml/schema/MARC21slim.xsd"
    xmlns="http://www.loc.gov/MARC21/slim">

  <leader>02260nam a2200289 a 4500</leader>
  <controlfield tag="001"> </controlfield>
  <controlfield tag="003">DO-SdBNP</controlfield>
  <controlfield tag="005">20211108072139.0</controlfield>
  <controlfield tag="008">150825s  2000    dr      r   000 0 spa d</controlfield>
  <datafield tag="020" ind1=" " ind2=" ">
    <subfield code="a">999348024X</subfield>
  </datafield>
  <datafield tag="040" ind1=" " ind2=" ">
    <subfield code="a">DO-SdBNP</subfield>
    <subfield code="b">spa</subfield>
    <subfield code="c">BPMSU</subfield>
  </datafield>
  <datafield tag="082" ind1=" " ind2=" ">
    <subfield code="a">RD868.44</subfield>
    <subfield code="b">B742e 2000</subfield>
    <subfield code="2">22</subfield>
  </datafield>
  <datafield tag="100" ind1="1" ind2=" ">
    <subfield code="a">Bosch, Juan, </subfield>
    <subfield code="d">1909-2001</subfield>
    <subfield code="9">1</subfield>
  </datafield>
  <datafield tag="245" ind1="1" ind2="0">
    <subfield code="a">En primera persona :</subfield>
    <subfield code="b">entrevistas con Juan Bosch /</subfield>
    <subfield code="c">editor Guillermo Pi&#xF1;a Contreras ; presentaci&#xF3;n Jos&#xE9; Rafael Lantigua.</subfield>
  </datafield>
  <datafield tag="260" ind1=" " ind2=" ">
    <subfield code="a">Santo Domingo :</subfield>
    <subfield code="b">Comisi&#xF3;n permanente de la Feria del Libro,</subfield>
    <subfield code="c">2000.</subfield>
  </datafield>
  <datafield tag="300" ind1=" " ind2=" ">
    <subfield code="a">253 p. ;</subfield>
    <subfield code="c">23 cm.</subfield>
  </datafield>
  <datafield tag="500" ind1=" " ind2=" ">
    <subfield code="a">Incluye referencias bibliogr&#xE1;ficas y notas a pie de las  p&#xE1;ginas.</subfield>
  </datafield>
  <datafield tag="500" ind1=" " ind2=" ">
    <subfield code="a">Incluye datos biogr&#xE1;ficos de los autores de las entrevistas.</subfield>
  </datafield>
  <datafield tag="505" ind1="0" ind2=" ">
    <subfield code="a">Creaci&#xF3;n literaria y actividad pol&#xED;tica 21 -- Literatura y experiencia literaria / Guilllermo Pi&#xF1;a Contreras 21 -- Encuentro con Juan Bosch / Mateo Morrison y Federico J&#xF3;vine Berm&#xFA;dez 55 -- Entrevista con Juan Bosch / Bruno Rosario Candelier 69 -- Encuentro con Juan Bosch : en busca del tiempo perdido / Lil despradel -- Juan Bosch y el arte de escribir cuentos / Jos&#xE9; Alc&#xE1;ntara Almanzar 131 -- Di&#xE1;logo &#xED;ntimo con Juan Bosch / Leonel Fern&#xE1;ndez 137 -- Cuentos de Santo Domingo / Lionel Richard 147 -- Los 80 a&#xF1;os de un gran escritor : Juan Bosch o la pasi&#xF3;n social / Miguel An&#xED;bal Perdomo 147 -- Juan Bosch : para m&#xED;, Jes&#xFA;s es un personaje hist&#xF3;rico / Antonio Lluberes 155 -- Juan Bosch : he leido el Quijote 21 veces / Jos&#xE9; Rafael Lantigua 159 -- Actividad y praxis pol&#xED;ticas 169 -- Entrevista a Juan Bosch / F&#xE9;lix Jim&#xE9;nez -- Hablando con Juan Bosch / Kal Wagenheim 181 -- Juan Bosch : el porvenir de Am&#xE9;rica Latina / Elena de la Souchere -- El Profesor [Bosch] entre los asesinos 199 -- Entrevista con el profesor Juan Bosch / Emma Tav&#xE1;rez Justo 227 -- Juan Bosch : la democracia en Am&#xE9;rica Latina / Martin Murphy 233</subfield>
  </datafield>
  <datafield tag="600" ind1="1" ind2="4">
    <subfield code="a">Bosch, Juan</subfield>
    <subfield code="d">1909-2001</subfield>
    <subfield code="v">Entrevistas</subfield>
  </datafield>
  <datafield tag="651" ind1=" " ind2="4">
    <subfield code="a">Rep&#xFA;blica Dominicana</subfield>
    <subfield code="x">Pol&#xED;tica y gobierno. </subfield>
    <subfield code="y">1961  </subfield>
    <subfield code="b"> </subfield>
  </datafield>
  <datafield tag="700" ind1="1" ind2=" ">
    <subfield code="a">Pi&#xF1;a Contreras, Guillermo,</subfield>
    <subfield code="e">ed.</subfield>
  </datafield>
  <datafield tag="700" ind1="1" ind2="2">
    <subfield code="a">Lantigua, Jos&#xE9; Rafael, 1949-</subfield>
    <subfield code="e">pres.</subfield>
  </datafield>
  <datafield tag="710" ind1="2" ind2=" ">
    <subfield code="a">Comisi&#xF3;n Permanente de la Feria del Libro (Rep&#xFA;blica Dominicana)</subfield>
  </datafield>
  <datafield tag="910" ind1=" " ind2=" ">
    <subfield code="a">VMateo V. </subfield>
  </datafield>
  <datafield tag="942" ind1=" " ind2=" ">
    <subfield code="2">ddc</subfield>
    <subfield code="c">BK</subfield>
  </datafield>
  <datafield tag="952" ind1=" " ind2=" ">
    <subfield code="0">0</subfield>
    <subfield code="1">0</subfield>
    <subfield code="2">ddc</subfield>
    <subfield code="4">0</subfield>
    <subfield code="7">0</subfield>
    <subfield code="8">CD</subfield>
    <subfield code="a">BPMET</subfield>
    <subfield code="b">BPMET</subfield>
    <subfield code="d">2021-11-05</subfield>
    <subfield code="e">Fudaci&#xF3;n Juan Bosch </subfield>
    <subfield code="l">0</subfield>
    <subfield code="o">BPMSU CD RD868.44 B742e 2000</subfield>
    <subfield code="p">BPMSU21110041</subfield>
    <subfield code="r">2021-11-05</subfield>
    <subfield code="w">2021-11-05</subfield>
    <subfield code="y">BK</subfield>
  </datafield>
  <datafield tag="952" ind1=" " ind2=" ">
    <subfield code="0">0</subfield>
    <subfield code="1">0</subfield>
    <subfield code="2">ddc</subfield>
    <subfield code="4">0</subfield>
    <subfield code="7">0</subfield>
    <subfield code="8">CD</subfield>
    <subfield code="a">BPMET</subfield>
    <subfield code="b">BPMET</subfield>
    <subfield code="d">2021-11-05</subfield>
    <subfield code="e">Fudaci&#xF3;n Juan Bosch </subfield>
    <subfield code="l">0</subfield>
    <subfield code="o">BPMSU CD RD868.44 B742e 2000</subfield>
    <subfield code="p">BPMSU21110042</subfield>
    <subfield code="r">2021-11-05</subfield>
    <subfield code="t">e.2</subfield>
    <subfield code="w">2021-11-05</subfield>
    <subfield code="y">BK</subfield>
  </datafield>
  <datafield tag="999" ind1=" " ind2=" ">
    <subfield code="c">13844</subfield>
    <subfield code="d">13844</subfield>
  </datafield>
</record>
